00496 a2200169 450000500170000001000150001702000290003203500140006103700160007508200080009110000190009924500600011825000090017826000460018727000710023330000220030420211208151120.0 aENG-130239 c75.00a978-93-80253-58-9 aEN-113771 bDBAD / PUB a305 aPeter, A. John aSocial Exclusion:bConcept and Analysis/cA. John Peter a2010 aDindigulbVaigarai Publishing Housec2010 aMain RoadbDindigule624001mvaigaraibooks@gmail.comk0451-2430464 a144p.c21cm (pbk)